000 00391nam a22001097a 4500
082 _a340.6
_bMOD
245 _aModi's A textbook of Medical Jurisprudence and Toxicology with a Concise Medical Dictionary (English to Urdu) /
_cEdited by Justice K Kannan and Dr. Karunakaran Mathiharn
260 _aLahore:
_bOmer Law Book House,
_c2022.
300 _a421 p.
563 _aHB.
942 _2ddc
_cBK
999 _c613959
_d613959